| 000 | 00819nam a22002057a 4500 | ||
|---|---|---|---|
| 999 |
_c62274 _d62274 |
||
| 005 | 20240911164947.0 | ||
| 008 | 240911s2016 enk||||| |||| 00| 0 eng d | ||
| 020 | _a9780813349664x | ||
| 041 | _aeng | ||
| 080 | _a351.73 Th-44 | ||
| 245 |
_aThe Public Administration Theory Primer / _cAuthor : H. George Frederickson, Kevin B. Smith, Christopher Larimer, Michael J. Licari. |
||
| 264 |
_aBoulder : _bWestview Press, _c2016. |
||
| 300 |
_a310 p.; _b23 cm. |
||
| 653 | _aსაჯარო მმართველობის თეორია | ||
| 700 |
_aFrederickson, H. George _eავტორი _923202 |
||
| 700 |
_aSmith, Kevin B. _eავტორი _923203 |
||
| 700 |
_aLarimer, Christopher _eავტორი _923204 |
||
| 700 |
_aLicari, Michael J. _eავტორი _923205 |
||
| 942 |
_2udc _cBK |
||